Algebra lineal y sus aplicaciones
Saved in:
| Main Author: | |
|---|---|
| Format: | Book |
| Language: | Spanish |
| Published: |
Ciudad de México
Pearson-Addison Wesley
2007
|
| Edition: | 3a. ed |
| Series: | Pearson Educación
|
| Subjects: | |
| Tags: |
Add Tag
No Tags, Be the first to tag this record!
|
MARC
| LEADER | 00000nam a2200000 a 4500 | ||
|---|---|---|---|
| 001 | UCI7774 | ||
| 003 | CL-VaPUC | ||
| 005 | 20250224152544.0 | ||
| 008 | 080725e20070000MX |||||||||||||||||spa|d | ||
| 999 | |c 330921 |d 330919 | ||
| 020 | |a 9702609062 | ||
| 040 | |c Pontificia Universidad Católica de Valparaíso | ||
| 082 | 0 | 4 | |a 512.5 |b LAY |2 21 |
| 100 | |a Lay, David C |e author |9 531049 | ||
| 245 | 1 | 0 | |a Algebra lineal y sus aplicaciones |
| 250 | |a 3a. ed | ||
| 260 | |a Ciudad de México |b Pearson-Addison Wesley |c 2007 | ||
| 300 | |a 492 p | ||
| 490 | 0 | |a Pearson Educación | |
| 500 | |a Incluye CD | ||
| 583 | |a last modification |c 20080725 00:00:00 |k Rodrigo Vera | ||
| 650 | 0 | |a Álgebra lineal |9 260445 | |
| 650 | 0 | |a Ecuaciones lineales |9 342219 | |
| 650 | 0 | |a Matrices |9 22 | |
| 650 | 0 | |a Espacios vectoriales |9 21 | |
| 942 | |c BK |2 ddc | ||
| 945 | |d 20080725 00:00:00 |a rbrito | ||
| 952 | |0 0 |1 0 |2 ddc |4 0 |6 512_500000000000000_LAY_2007 |7 0 |8 A |9 416852 |a BIBING |b BIBING |c RES |d 2019-11-22 |i 4459989 |l 1 |o 512.5 LAY 2007 |p 4459989 |r 2025-01-20 |s 2024-10-11 |w 2019-11-22 |y BK |k EIE | ||
| 952 | |0 0 |1 0 |2 ddc |4 0 |6 512_500000000000000_LAY_2007 |7 0 |8 A |9 416853 |a BIBING |b BIBING |c RES |d 2019-11-22 |i 4459997 |l 2 |o 512.5 LAY 2007 |p 4459997 |r 2025-01-20 |s 2024-08-23 |w 2019-11-22 |y BK |k EIE | ||